000 00857nam a22002177a 4500
999 _c17739
_d17739
003 AR-CdUCM
008 190226b ||||| |||| 00| 0 spa d
040 _aMUNICIPALIDAD PROVINCIAL DEL CUSCO
_cBIBLIOTECA MUNICIPAL DEL CUSCO
082 _a338.985 /
_bR81
100 _aRomero, Fernando
_94725
245 _aTrabajo, educación y bienestar :
_b(política de empleo para el desarrollo económico /
260 _aLima :
_bUNMSM,
_c1965.
300 _a385 páginas ;
_bCuadros.
_c25 cm.
505 _aContenido : Progreso y desarrollo -- Los recursos naturales y el hombre -- El factor trabajo -- La ciencias del trabajo -- La movilidad de la fuerza del trabajo...
650 _aDesarrollo económico
_91696
650 _aMano de obra
_937894
650 _aTrabajo
_94726
650 _aEducación
_9460
942 _2ddc
_cLIBROS
945 _awnts
_d2019-05-09